000 00323nam a22001217a 4500
999 _c9757
_d9757
003 OSt
008 201203b ||||| |||| 00| 0 eng d
245 _aAsian Journal of Management (AJM)
250 _a2018(Jan-Mar Vol.9 No.1)
260 _aRaipur, Chhattisgarh
_bA and V Publications
650 _aManagement
942 _2ddc
_cBV